Royal charter and bye-laws 1973 (Record no. 89093)

MARC details
000 -LEADER
fixed length control field 00529cam a2200181 4500
001 - CONTROL NUMBER
control field ##D16135
008 - FIXED-LENGTH DATA ELEMENTS--GENERAL INFORMATION
fixed length control field 090401t1973 xxu||||| |||| 00| 0 eng d
035 ## - SYSTEM CONTROL NUMBER
System control number (Sirsi) u27316
041 0# - LANGUAGE CODE
Language code of text/sound track or separate title eng
050 04 - LIBRARY OF CONGRESS CALL NUMBER
Classification number 333.0062 $2 18
110 2# - MAIN ENTRY--CORPORATE NAME
Corporate name or jurisdiction name as entry element Royal Institution of Chartered Surveyors
9 (RLIN) 4900
245 00 - TITLE STATEMENT
Title Royal charter and bye-laws 1973
260 ## - PUBLICATION, DISTRIBUTION, ETC.
Place of publication, distribution, etc. London
Name of publisher, distributor, etc. RICS
Date of publication, distribution, etc. 1973
300 ## - PHYSICAL DESCRIPTION
Extent 57p.
Dimensions 22cm.
690 ## - LOCAL SUBJECT ADDED ENTRY--TOPICAL TERM (OCLC, RLIN)
Topical term or geographic name as entry element ABOUT RICS-RICS STRUCTURE AND GOVERNANCE-RICS REGULATIONS-RICS CONDUCT REGULATIONS
942 ## - ADDED ENTRY ELEMENTS (KOHA)
Suppress in OPAC 0
948 ## - LOCAL PROCESSING INFORMATION (OCLC); SERIES PART DESIGNATOR (RLIN)
c (OCLC) 04/03/1997
Holdings
Withdrawn status Lost status Source of classification or shelving scheme Damaged status Not for loan Home library Current library Shelving location Date acquired Total Checkouts Full call number Barcode Date last seen Copy number Price effective from Koha item type Public note
    Other/Generic Classification Scheme     London London RICS Boxes 14/09/1999   RICS 1973/48 30005630 06/08/2019 1 06/08/2019 Reference material  
    Other/Generic Classification Scheme     London London RICS Boxes 22/08/1991   RICS 1973/48 30010777 06/08/2019 2 06/08/2019 Reference material  
    Other/Generic Classification Scheme     London London RICS Boxes 31/05/2006   RICS 1973/48 27316-1003 06/08/2019 3 06/08/2019 Archive  
    Dewey Decimal Classification     Virtual Virtual Online 29/12/2022       29/12/2022   29/12/2022 Online material Please contact [email protected] to request a digital copy